000 00534nam a2200181Ia 4500
008 090123s9999 xx 000 0 und d
082 _b20933
100 _aमिरासदार द.मा.
245 _aमाकडमेवा
250 _a2
260 _bसुपर्ण प्रकाशन
_c1981
300 _a148
600 _aमिरासदार द.मा.
630 _aमाकडमेवा
700 _aमिरासदार द.मा.
730 _aमाकडमेवा
942 _cBOOK
999 _c59005
_d59005